000 00690nam a2200253Ia 4500
003 OSt
005 20220925172647.0
006 a|||||r|||| 00| 0
007 ta
008 220923b |||||||| |||| 00| 0 eng d
037 _cGeneral Book
040 _aRTL
_cRTL
_beng
041 _2eng
_aeng
082 _aX:517:(Z).2.N7, M1;M4
100 _aJhala H M
245 0 _aLaw of monopolies and restrictive trade practices
250 _aEd. 2
260 _aBombay
_bN M Tripthi
_c1984
300 _axxxvii,456p
_ccm.
500 _aAppendix P 311-53
650 _aMonopoly
942 _hX:517:(Z).2.N7, M1;M4
_cGB
_2CC
999 _c485651
_d485651